Managerial process and adaptation to work: implications for care organizations

Saved in:
Bibliographic Details
Main Author: Szczygiel, Nina
Other Authors: Rutkowska-Podołowska, Małgorzata
Format: Book Chapter
Language:English
Tags: Add Tag
No Tags, Be the first to tag this record!

MARC

LEADER 00000naa$a2200000$$$4500
001 0152971
005 20221103130309.4
041 0 |a eng 
044 |a SK 
245 1 0 |a Managerial process and adaptation to work: implications for care organizations  |c Nina Szczygiel, Małgorzata Rutkowska-Podołowska 
100 1 |a Szczygiel, Nina 
700 1 |a Rutkowska-Podołowska, Małgorzata